Výzvy akčného plánu 2020 pre podnikanie v oblasti vzdelávania
Stratégia Európa 2020 odpovedá na zmeny týkajúce sa rastu konkurencieschopnosti a podnikania tvorbou základov pre budúci rast, upravujúc problémy minulosti a postaviac stabilnejšiu rozvojovú cestu tak, že sa podelia zodpovednosti európskych členských štátov a inštitúcií EÚ.
Uložené v:
| Hlavný autor: | |
|---|---|
| Médium: | Kapitola |
| Jazyk: | Slovak |
| Predmet: | |
| Tagy: |
Žiadne tagy, Buďte prvý, kto otaguje tento záznam!
|
MARC
| LEADER | 00000nla a2200000 4500 | ||
|---|---|---|---|
| 001 | 0179871 | ||
| 005 | 20240502073046.4 | ||
| 041 | 0 | |a slo | |
| 044 | |a SK | ||
| 245 | 1 | 0 | |a Výzvy akčného plánu 2020 pre podnikanie v oblasti vzdelávania |c Denisa Gajdová |
| 520 | |a Stratégia Európa 2020 odpovedá na zmeny týkajúce sa rastu konkurencieschopnosti a podnikania tvorbou základov pre budúci rast, upravujúc problémy minulosti a postaviac stabilnejšiu rozvojovú cestu tak, že sa podelia zodpovednosti európskych členských štátov a inštitúcií EÚ. | ||
| 610 | 2 | 0 | |a Európska únia |
| 610 | 2 | 0 | |a vzdelávanie |
| 610 | 2 | 0 | |a podnikanie |
| 610 | 2 | 0 | |a prostredie podnikateľské |
| 610 | 2 | 0 | |a konkurencieschopnosť |
| 610 | 2 | 0 | |a spoločnosť vedomostná |
| 100 | 1 | |a Gajdová, Denisa, 1977- | |